000 00670nam a2200241Ia 4500
003 OSt
005 20221007081958.0
006 a|||||r|||| 00| 0
007 ta
008 221006b |||||||| |||| 00| 0 eng d
024 _a4,705
037 _cTextual
040 _aFLL
_cFLL
_beng
041 _2eng
_aeng
082 _aY:Z, K6
100 _aStone Julius Au.
_9683543
245 0 _aSocial dimensions of law and justice
260 _aSydney
_bMaitland publications pty. ltd.
_c1966
300 _a933p
_ccm.
650 _aSocial dimensions of law and justice
_9698428
942 _hY:Z, K6
_cTEXL
_2CC
999 _c1164925
_d1164925